000 00571nam a22001937a 4500
999 _c17236
_d17236
003 AR-CdUCM
008 190507b ||||| |||| 00| 0 spa d
040 _aMUNICIPALIDAD PROVINCIAL DEL CUSCO
_cBIBLIOTECA MUNICIPAL DEL CUSCO
082 _a808.81 /
_bSC31
100 _aScorza, Manuel
_91669
245 _aPoesía amorosa /
260 _aLima :
_bPopulibros peruanos,
_c1960.
300 _a95 páginas ;
_c18 cm.
505 _aContenido: Poesía
650 _aPoesía amorosa
_937125
650 _aColecciones
_9607
942 _2ddc
_cLIBROS
945 _aacv
_d2019-05-07